| 000 | 00405nam a22001697a 4500 | ||
|---|---|---|---|
| 005 | 20180531122632.0 | ||
| 008 | 160430b xxu||||| |||| 00| 0 eng d | ||
| 020 | _a81-224-0989-X | ||
| 041 | _aeng | ||
| 082 |
_b1017 _a519.5 |
||
| 100 |
_aAgarwal B.L. _9318 |
||
| 245 | _aBasic Statistics. | ||
| 260 |
_bNow Age International (p) United _c2003 |
||
| 300 | _a713 | ||
| 650 |
_aManagement _9241 |
||
| 942 | _cBK | ||
| 999 |
_c366 _d366 |
||